Statistics for Friends-Trivia Quiz

Click here to take the quiz!

General Stats

  • This quiz has been taken 322 times
  • The average score is 15 of 30

Answer Stats

Hint:Answer:% Correct
Were Ross and Rachel on a break?Yes
98%
What is Joey's catchphrase?How you doin'
92%
Who is the oldest 'Friends' character?Phoebe
90%
Name Monica's ex-boyfriend-MustacheRichard
84%
Who is Phoebe's identicle twin?Ursula
80%
What outfit was Rachel wearing in season 1 episode 1?Wedding Dress
75%
Who played Will Colbert in 'The One with the Rumor'?Brad Pitt
74%
What is Rachel's middle name?Karen
74%
What is Janice's catchphrase?OH MY GOD
74%
Why does Monica's hair go puffy?Humidity
72%
Which character changed their name to 'Crap Bag'?Mike
72%
What did Ross dress up as on christmas?Holiday Armadillo
66%
Which sister did Reese Witherspoon play?Jill
65%
Where did Carol meet Susan?Gym
64%
What is Phoebe's alter ego?Regina Phalange
61%
Who plays Ben Geller in seasons 6-8?Cole Sprouse
59%
Why did Phoebe dump Gary?He shot a bird
39%
Name the guest star known as 'The Screamer' in season 3Ben Stiller
37%
Who dresses up as the solar system on halloween?Eric
37%
What is Chandler's job?Transponster
36%
Who did Lauren Tom play?Julie
24%
What is Chandler's actual job?Statistical analysis and data reconfiguration
17%
Who was the periodontist in season 2?Russ
16%
Name the Friends guest star who also appears in 'Mom'Anna Faris
15%
Who co-created Friends?Marta Kauffman
11%
What was Chandler's roommate Eddie's last name?Menuek
11%
What is Janice's full name?Janice Litman Goralnik
10%
Who portrayed Gary in Friends?Michael Rapaport
8%
What song did 'Officer Goodbody' dance to in season 10?Tainted Love
8%
What is one of the reasons why Ross and Rachel broke up?The List
3%

Score Distribution

Percentile by Number Answered

Percent of People with Each Score

Your Score History

You have not taken this quiz